LIBRARY & INFORMATION CENTRE, KCAET, TAVANUR

ONLINE PUBLIC ACCESS CATALOGUE (OPAC)

Read- aloud stories from child life / (Record no. 4393)

MARC details
000 -LEADER
fixed length control field 00396cam a2200157ua 4500
041 ## - LANGUAGE CODE
Language code of text/sound track or separate title eng
082 ## - DEWEY DECIMAL CLASSIFICATION NUMBER
Classification number 823.301
Item number WEI/RE
100 ## - MAIN ENTRY--AUTHOR NAME
Personal name Weigle, Oscar .
245 ## - TITLE STATEMENT
Title Read- aloud stories from child life /
260 ## - PUBLICATION, DISTRIBUTION, ETC. (IMPRINT)
Place of publication New York :
Name of publisher Wonder Books ,
Year of publication 1961.
300 ## - PHYSICAL DESCRIPTION
Number of Pages 127 ; .
700 1# - ADDED ENTRY--PERSONAL NAME
Personal name Crosby, .
942 ## - ADDED ENTRY ELEMENTS (KOHA)
Koha item type Books
Holdings
Withdrawn status Lost status Damaged status Home library Current library Date acquired Full call number Accession Number Koha item type
Withdrawn     KAUAET Sanskrit University 07/04/2012 823.301 10902 Books
free website counter